HOSPITAL ADMINISTRATION (Record no. 15719)
[ view plain ]
| 000 -LEADER | |
|---|---|
| fixed length control field | 00277nam a22001337a 4500 |
| 003 - CONTROL NUMBER IDENTIFIER | |
| control field | SGT |
| 020 ## - INTERNATIONAL STANDARD BOOK NUMBER | |
| International Standard Book Number | 9788131234600 |
| 082 ## - DEWEY DECIMAL CLASSIFICATION NUMBER | |
| Classification number | 362 |
| Item number | GOE |
| 100 ## - MAIN ENTRY--PERSONAL NAME | |
| Personal name | GOEL, SONU |
| 245 ## - TITLE STATEMENT | |
| Title | HOSPITAL ADMINISTRATION |
| 260 ## - PUBLICATION, DISTRIBUTION, ETC. (IMPRINT) | |
| Name of publisher, distributor, etc | ELSEVIER PUB. |
| Year of Publication | 2014 |
| 300 ## - PAGE DESCRIPTION | |
| No. of Pages | 463 |
| 942 ## - ADDED ENTRY ELEMENTS (KOHA) | |
| Source of classification or shelving scheme | Dewey Decimal Classification |
| Koha item type | Books |
| 942 ## - ADDED ENTRY ELEMENTS (KOHA) | |
| -- | 13 |
| Withdrawn status | Lost status | Source of classification or shelving scheme | Damaged status | Not for loan | Collection code | Home library | Current library | Shelving location | Date acquired | Vendor Name | Cost, normal purchase price | SGTU | Bill Number | Total Checkouts | Full call number | Accession No. (Barcode) | Date last seen | Date last borrowed | Bill Date | Koha item type |
|---|---|---|---|---|---|---|---|---|---|---|---|---|---|---|---|---|---|---|---|---|
| Dewey Decimal Classification | COMMERCE MANAGEMENT | SGT Science & Social Sciences Library | SGT Science & Social Sciences Library | Text Book | 31/07/2018 | KIRTI PRAKASHAN | 800.00 | SGTU | IN343 | 2 | 362 GOE | CM4385 | 10/02/2025 | 04/02/2025 | Books | |||||
| Dewey Decimal Classification | COMMERCE MANAGEMENT | SGT Science & Social Sciences Library | SGT Science & Social Sciences Library | Text Book | 31/07/2018 | KIRTI PRAKASHAN | 800.00 | SGTU | IN343 | 4 | 362 GOE | CM4386 | 03/06/2025 | 20/05/2025 | Books | |||||
| Dewey Decimal Classification | COMMERCE MANAGEMENT | SGT Science & Social Sciences Library | SGT Science & Social Sciences Library | Text Book | 31/07/2018 | KIRTI PRAKASHAN | 800.00 | SGTU | IN343 | 10 | 362 GOE | CM4387 | 18/06/2024 | 06/06/2024 | Books | |||||
| Dewey Decimal Classification | COMMERCE MANAGEMENT | SGT Science & Social Sciences Library | SGT Science & Social Sciences Library | Text Book | 31/07/2018 | KIRTI PRAKASHAN | 800.00 | SGTU | IN343 | 362 GOE | CM4388 | 31/07/2018 | Books |